Moderné metódy tvorby finančného plánu podniku diplomová práca

Guardado en:
Detalles Bibliográficos
Autor principal: Lokajová, Mariana
Autor Corporativo: Fakulta podnikového manažmentu EU. Katedra podnikových financií
Otros Autores: Foltínová, Ľubica, 1975-
Formato: Libro
Lenguaje:eslovaco
Publicado: Bratislava 2015
Etiquetas: Agregar Etiqueta
Sin Etiquetas, Sea el primero en etiquetar este registro!

MARC

LEADER 00000nbm a2200000 4500
001 0201331
005 20161212102354.9
041 0 |a slo 
044 |a SK 
245 1 0 |a Moderné metódy tvorby finančného plánu podniku  |b diplomová práca  |c Mariana Lokajová ; školiteľ: Ľubica Foltínová 
264 1 |a Bratislava  |c 2015 
300 |a 92 s. 
100 1 |a Lokajová, Mariana 
700 1 |a Foltínová, Ľubica, 1975- 
710 2 |a Fakulta podnikového manažmentu EU. Katedra podnikových financií